Online katalóg knižníc regiónu Turca

Plť túžby (Record no. 22400)

MARC details
000 -LEADER
fixed length control field 00928nam a2200325 a 4500
001 - CONTROL NUMBER
control field 22400
003 - CONTROL NUMBER IDENTIFIER
control field SK-KTurca
005 - DATE AND TIME OF LATEST TRANSACTION
control field 20260327151227.0
008 - FIXED-LENGTH DATA ELEMENTS--GENERAL INFORMATION
fixed length control field 240315s1992 xo 0 slo
015 ## - NATIONAL BIBLIOGRAPHY NUMBER
National bibliography number SNBA1992/09
020 ## - INTERNATIONAL STANDARD BOOK NUMBER
International Standard Book Number 8022102172
035 ## - SYSTEM CONTROL NUMBER
System control number SNK000011910
040 ## - CATALOGING SOURCE
Original cataloging agency SNK
Language of cataloging slo
Transcribing agency SNK
Description conventions AACR2
041 1# - LANGUAGE CODE
Language code of text/sound track or separate title slo
Language code of original fre
044 ## - COUNTRY OF PUBLISHING/PRODUCING ENTITY CODE
MARC country code xo
ISO country code SK
080 ## - UNIVERSAL DECIMAL CLASSIFICATION NUMBER
Universal Decimal Classification number 840-3
Edition identifier 1981
100 1# - MAIN ENTRY--PERSONAL NAME
Personal name Ayoun, Monique
Relationship aut
245 10 - TITLE STATEMENT
Title Plť túžby
Statement of responsibility, etc. Monique Ayoun ; Zora Sadloňová, Ľubica Štuková
250 ## - EDITION STATEMENT
Edition statement 1. vyd.
260 ## - PUBLICATION, DISTRIBUTION, ETC.
Place of publication, distribution, etc. Bratislava
Name of publisher, distributor, etc. Smena
Date of publication, distribution, etc. 1992
Place of manufacture Trnava
Manufacturer Polygrafické závody
300 ## - PHYSICAL DESCRIPTION
Extent 165 s., 8,55 AH
Dimensions 20 cm
490 0# - SERIES STATEMENT
Series statement Ruža
500 ## - GENERAL NOTE
General note 2. zv.
655 #7 - INDEX TERM--GENRE/FORM
Genre/form data or focus term erotické romány
Source of term SNKPH
655 #7 - INDEX TERM--GENRE/FORM
Genre/form data or focus term francúzske romány
Source of term SNKPH
700 1# - ADDED ENTRY--PERSONAL NAME
Personal name Sadloňová, Zora,
Dates associated with a name 1954-
Relationship trl
700 1# - ADDED ENTRY--PERSONAL NAME
Personal name Štuková, Ľubica
Relationship gup
942 ## - ADDED ENTRY ELEMENTS (KOHA)
Source of classification or shelving scheme Dewey Decimal Classification
Koha item type Krásna literatúra pre dospelých
Suppress in OPAC No
Holdings
Stav vyradenia Strata Poškodenie Spôsob nadobudnutia Domovská knižnica Aktuálna knižnica Dátum nadobudnutia Total checkouts Čiarový kód exemplára Date last seen Typ exemplára
      Dar Obecná knižnica Horná Štubňa Obecná knižnica Horná Štubňa 27.03.2026   4736201982 27.03.2026 Krásna literatúra pre dospelých
Projekt je podporený Slovenskou asociáciou knižníc
Prevádzkuje Turčianska knižnica Martin 2026